000 006050000a22001810004500
003 MACL
005 20160120151909.0
008 160120b xxu||||| |||| 00| 0 eng d
040 _aMACL
_cMACL
041 _aHindi
082 _a332.76/BAB
100 _aडॉ बसन्‍ती लाल बाबेल
_933690
245 _aपरक्राम्‍य लिखत अधिनियम 1881
260 _bसेन्‍ट्रल लॉ एजेन्‍सी_
_c1997
_aइलाहाबाद
350 _a30
650 _aFinancial Economics
_933691
942 _cHIN
_k332.76/BAB
_2ddc
999 _c30531
_d30531